Lord of the flies
This book's implications have the same horrifying effect as had George Orwell's 1984 and it is equally disturbing "Glasgow Herald"
Đã lưu trong:
| Hovedforfatter: | |
|---|---|
| Format: | Bog |
| Sprog: | Undetermined |
| Udgivet: |
London, UK
Faber and Faber
1954
|
| Fag: | |
| Tags: |
Tilføj Tag
Ingen Tags, Vær først til at tagge denne postø!
|
| Thư viện lưu trữ: | Trung tâm Học liệu Trường Đại học Cần Thơ |
|---|
| LEADER | 00641nam a2200193Ia 4500 | ||
|---|---|---|---|
| 001 | CTU_141352 | ||
| 008 | 210402s9999 xx 000 0 und d | ||
| 082 | |a 823.914 | ||
| 082 | |b G619 | ||
| 100 | |a Golding, William | ||
| 245 | 0 | |a Lord of the flies | |
| 245 | 0 | |c William Golding | |
| 260 | |a London, UK | ||
| 260 | |b Faber and Faber | ||
| 260 | |c 1954 | ||
| 520 | |a This book's implications have the same horrifying effect as had George Orwell's 1984 and it is equally disturbing "Glasgow Herald" | ||
| 650 | |a English literature,Văn học Anh | ||
| 904 | |i Trọng Hiếu | ||
| 980 | |a Trung tâm Học liệu Trường Đại học Cần Thơ | ||